| 000 | 00975nam a22002895a 4500 | ||
|---|---|---|---|
| 006 | a||||fr|||| 00| 0 | ||
| 008 | 150818t2003 maua|||frb||| 001 0 eng d | ||
| 010 | _a2002075340 | ||
| 020 | _a0735611246 | ||
| 020 | _a9780735611245 | ||
| 040 |
_aEG-ScBUE _beng _cEG-ScBUE |
||
| 082 | 0 | 4 |
_a658.40402855369 _bSTO _222 |
| 100 | 1 | _aStover, Teresa S. | |
| 245 | 1 | 0 |
_aMicrosoft project version 2002 inside out / _cTeresa S. Stover. |
| 260 |
_aRedmond, Wash. : _bMicrosoft Press, _cc.2003. |
||
| 300 |
_axxx, 963 p. : _bill, _c24 cm. + _e1 CD ROM . |
||
| 500 | _aIndex : p. 889-963. | ||
| 500 | _aIndex to troubleshooting topics : p. 887-888. | ||
| 500 | _aAppendix : p. 795-886. | ||
| 504 | _aInclude bibliographical references. | ||
| 590 | _aMenna Elemam | ||
| 650 | 0 |
_aProject management _xComputer programs. _2BUEsh |
|
| 650 | 0 |
_aMicrosoft Project _2BUEsh |
|
| 651 | _2BUEsh | ||
| 653 |
_bCOMSCI _cAugust2015 |
||
| 942 |
_cBB _k658.40402855369 STO _2ddc |
||
| 999 |
_c1175 _d1175 |
||